000 01346cab a22002535a 4500
001 L146145
008 081211s2008 xxk 000 0 eng d
035 _a(Sirsi) u146145
041 0 _aeng
100 1 _aHinnells, Mark
245 0 4 _aThe greening of commercial leases
260 _c2008
490 0 _aJournal of Property Investment and Finance
_v26(6) 2008, 541-551(11)
520 _aConsiders how policy changes may drive a change in existing leasing practices, in order to reduce the environmental impact (especially carbon dioxide emissions) from the commercial building stock. Explores the barriers to improved performance, two models for greening leases (a light green and a dark green approach), as well as how tenanted buildings can be managed in a more green way. Considers how green leases may develop in the market. Concludes that the conventional relationship between landlord (as building owner) and tenant (as occupier) largely neglects environmental considerations.
590 _aKA
651 4 _aEngland and Wales
_y1543-
690 _aPROPERTY-COMMERCIAL PROPERTY-LEASEHOLD COMMERCIAL PROPERTY-COMMERCIAL LANDLORD AND TENANT-COMMERCIAL LEASES
700 1 _aBright, Susan
700 1 _aLangley, Angela
700 1 _aWoodford, Lloyd
700 1 _aSchiellerup, Pernille
700 1 _aBosteels, Tatiana
942 _n0
999 _c81048
_d81048